Normal view
MARC view
- الزعبي،آلاء علي فالح
Entry Personal Name
001 - CONTROL NUMBER
- control field: 21736
003 - CONTROL NUMBER IDENTIFIER
- control field: JO-AjAnu
005 - DATE AND TIME OF LATEST TRANSACTION
- control field: 20230606073749.0
008 - FIXED-LENGTH DATA ELEMENTS
- fixed length control field: 230606|| aca||aabn | a|a d
040 ## - CATALOGING SOURCE
- Original cataloging agency: JO-AjAnu
- Transcribing agency: JO-AjAnu
100 ## - HEADING--PERSONAL NAME
- Personal name: الزعبي،آلاء علي فالح
670 ## - SOURCE DATA FOUND
- Source citation: Work cat.: (JO-AjAnu)11169: الزعبي،آلاء علي فالح, author, التربية الوطنية في الإسلام:دراسة تحليلية